[Event "VIII Open A"]
[Site "Genova ITA"]
[Date "2004.08.14"]
[Round "6"]
[White "Roatta, Luca"]
[Black "Godena, Michele"]
[Result "0-1"]
[WhiteElo "2147"]
[BlackElo "2545"]
[PlyCount "102"]
[EventDate "2004.08.09"]

1. d4 d5 2. Nf3 Nf6 3. Bf4 Bf5 4. e3 e6 5. Bd3 Bxd3 6. Qxd3 c5 7. c3 Nc6 8.
Nbd2 a6 9. O-O Be7 10. Rfe1 O-O 11. h3 Rc8 12. Ne5 Nxe5 13. Bxe5 Nd7 14. Bg3
Qb6 15. Rab1 Rfd8 16. Qe2 Qc6 17. Nf3 b5 18. e4 dxe4 19. Qxe4 Qxe4 20. Rxe4 Nf6
21. Re2 cxd4 22. Nxd4 b4 23. Be5 bxc3 24. bxc3 Nd5 25. Rc2 Rd7 26. Rcc1 f6 27.
Bg3 Nxc3 28. Rb3 Rxd4 29. Rcxc3 Rxc3 30. Rxc3 e5 31. f3 Rd1+ 32. Kh2 Rd2 33.
Rc7 Kf8 34. a4 Ra2 35. Rc4 Kf7 36. Be1 Ra1 37. Bf2 Ke8 38. Bb6 Bd6 39. g3 Ra2+
40. Kg1 Kd7 41. a5 h5 42. Kf1 Rb2 43. Ke1 Rb4 44. Rc2 Rb3 45. Ke2 e4 46. fxe4
Rxg3 47. Rd2 Rxh3 48. Bc5 Rh2+ 49. Bf2 Ke6 50. Kd1 Be5 51. Rc2 h4 0-1

[Event "VIII Open A"]
[Site "Genova ITA"]
[Date "2004.08.14"]
[Round "6"]
[White "Wisnewski, Christoph"]
[Black "Dignam, Matthew"]
[Result "1-0"]
[WhiteElo "2410"]
[BlackElo "2144"]
[PlyCount "109"]
[EventDate "2004.08.09"]

1. e4 e6 2. d3 d5 3. Qe2 Be7 4. Nf3 Nf6 5. g3 c5 6. Bg2 Nc6 7. O-O O-O 8. e5
Nd7 9. c4 d4 10. h4 Qe8 11. Nbd2 Bd8 12. Ne4 Bc7 13. Bf4 Qe7 14. Rfe1 Ndxe5 15.
Nxe5 Bxe5 16. Bxe5 Nxe5 17. Nxc5 Nxc4 18. Nxe6 Bxe6 19. dxc4 Qc7 20. b3 Rad8
21. Rad1 Rd7 22. Qe5 Qb6 23. Re4 d3 24. Qc3 Rfd8 25. Rd2 Bf5 26. Re5 Qf6 27. f4
Qg6 28. Kf2 f6 29. Re3 Re8 30. Bd5+ Kh8 31. Qd4 Rxe3 32. Qxe3 b6 33. Bc6 Rc7
34. Qd4 Rc8 35. Bd7 Bxd7 36. Qxd7 Re8 37. Qxd3 Qg4 38. Re2 Rxe2+ 39. Qxe2 Qd7
40. b4 h6 41. Qc2 Qh3 42. Qe4 Qd7 43. Qd5 Qa4 44. Qd8+ Kh7 45. Qd3+ Kh8 46. a3
Qc6 47. Qd8+ Kh7 48. Qd5 Qa4 49. Qd3+ Kg8 50. Ke3 Qe8+ 51. Kd2 Kf7 52. Qd5+ Kg6
53. c5 bxc5 54. bxc5 Qa4 55. c6 1-0

[Event "VIII Open A"]
[Site "Genova ITA"]
[Date "2004.08.15"]
[Round "7"]
[White "Bancod, Ronald"]
[Black "Paragua, Mark"]
[Result "0-1"]
[WhiteElo "2354"]
[BlackElo "2529"]
[PlyCount "102"]
[EventDate "2004.08.09"]

1. e4 c5 2. Nf3 e6 3. d3 Nc6 4. g3 g6 5. Bg2 Bg7 6. O-O Nge7 7. c3 e5 8. a3 d6
9. b4 a6 10. Be3 b6 11. Nbd2 O-O 12. Rb1 h6 13. bxc5 dxc5 14. a4 Be6 15. Nc4
Rb8 16. Qc1 Kh7 17. Rd1 Qc7 18. h4 f5 19. exf5 gxf5 20. a5 b5 21. Ncd2 Nd8 22.
Qa3 Nb7 23. Re1 Nd5 24. Bg5 Bg8 25. Qc1 hxg5 26. Nxg5+ Kh8 27. c4 Nb4 28. cxb5
Nxd3 29. Qd1 Rf6 30. bxa6 Rxa6 31. Re3 e4 32. Ndxe4 fxe4 33. Bxe4 Ne5 34. Rb6
Rxb6 35. axb6 Qxb6 36. Bxb7 Rxb7 37. Qh5+ Qh6 38. Qxh6+ Bxh6 39. Rxe5 c4 40.
Rc5 Bxg5 41. hxg5 Rb1+ 42. Kg2 Rc1 43. f4 c3 44. f5 c2 45. Rc8 Kg7 46. f6+ Kf7
47. g4 Ke6 48. Rxg8 Rd1 49. Rc8 c1=Q 50. Rxc1 Rxc1 51. Kg3 Kf7 0-1

[Event "VIII Open A"]
[Site "Genova ITA"]
[Date "2004.08.15"]
[Round "7"]
[White "Capurro, Giuliano"]
[Black "Raps, Johannes"]
[Result "1-0"]
[WhiteElo "2072"]
[BlackElo "2135"]
[PlyCount "49"]
[EventDate "2004.08.09"]

1. e4 c5 2. d3 Nc6 3. c4 d6 4. g3 g6 5. Bg2 Bg7 6. Nc3 e5 7. Nge2 Nge7 8. O-O
O-O 9. Be3 a6 10. Qd2 Rb8 11. Bh6 b5 12. Bxg7 Kxg7 13. b3 Bd7 14. f4 f6 15. h3
Qa5 16. Rad1 bxc4 17. dxc4 Nd4 18. Rf2 Rbe8 19. g4 Qb6 20. Ng3 Nec6 21. Nd5 Qb8
22. Rdf1 a5 23. fxe5 fxe5 24. Nf6 Re7 25. Nfh5+ 1-0

[Event "VIII Open A"]
[Site "Genova ITA"]
[Date "2004.08.15"]
[Round "7"]
[White "Godena, Michele"]
[Black "Schinkowski, Christoph"]
[Result "1-0"]
[WhiteElo "2545"]
[BlackElo "2183"]
[PlyCount "99"]
[EventDate "2004.08.09"]

1. e4 c5 2. Nf3 d6 3. Bc4 e6 4. O-O Nf6 5. Re1 Be7 6. c3 O-O 7. Bb3 Nc6 8. d4
cxd4 9. cxd4 b5 10. Bf4 Na5 11. Bc2 Bb7 12. Bd3 b4 13. Nbd2 Qb6 14. Qe2 Rfd8
15. Rad1 Nd7 16. Be3 h6 17. d5 Nc5 18. dxe6 fxe6 19. Nd4 Nxd3 20. Qxd3 d5 21.
exd5 Rxd5 22. Qg6 Bf6 23. Nf5 Qc6 24. Nxh6+ Kh8 25. Nf7+ Kg8 26. Nh6+ Kh8 27.
Nf7+ Kg8 28. Ne4 Bxb2 29. Nh6+ Kh8 30. Nf7+ Kg8 31. Nfg5 Nc4 32. Bd4 e5 33.
Qh7+ Kf8 34. Bxb2 Nxb2 35. Qh8+ Ke7 36. Qxg7+ Kd8 37. Rxd5+ Qxd5 38. Ne6+ Qxe6
39. Qxb7 Rc8 40. Ng5 Qd7 41. Qxb4 Nd3 42. Qa5+ Rc7 43. Rd1 Ke8 44. Ne4 Rc6 45.
h3 Kf7 46. Qd2 Rc4 47. Ng5+ Kg6 48. Nf3 e4 49. Qg5+ Kh7 50. Ne5 1-0

[Event "VIII Open A"]
[Site "Genova ITA"]
[Date "2004.08.15"]
[Round "7"]
[White "Gromovs, Sergejs"]
[Black "Nolte, Rolando"]
[Result "1-0"]
[WhiteElo "2341"]
[BlackElo "2389"]
[PlyCount "87"]
[EventDate "2004.08.09"]

1. d4 Nf6 2. Nf3 g6 3. c4 Bg7 4. Nc3 d5 5. cxd5 Nxd5 6. e4 Nxc3 7. bxc3 c5 8.
Rb1 O-O 9. Be2 Nc6 10. d5 Ne5 11. Nxe5 Bxe5 12. Qd2 b6 13. h4 e6 14. c4 exd5
15. cxd5 Re8 16. h5 Bg7 17. hxg6 hxg6 18. f3 Qd6 19. Bb2 Qg3+ 20. Kf1 Bxb2 21.
Qxb2 Qe5 22. Bb5 Re7 23. Qxe5 Rxe5 24. Kf2 Bb7 25. Rh4 a6 26. Bd3 b5 27. f4
Ree8 28. Rbh1 Kg7 29. Rh7+ Kf6 30. e5+ Ke7 31. Be4 Rab8 32. Bf3 Rf8 33. g4 Kd8
34. f5 gxf5 35. gxf5 Kc7 36. R1h6 Rbd8 37. d6+ Kb6 38. Bxb7 Kxb7 39. e6 Rg8 40.
Rxf7+ Kc6 41. d7 Kc7 42. Rhh7 Rb8 43. d8=Q+ Kxd8 44. Rd7+ 1-0

[Event "VIII Open A"]
[Site "Genova ITA"]
[Date "2004.08.15"]
[Round "7"]
[White "Kluss, Kai"]
[Black "Wisnewski, Christoph"]
[Result "1-0"]
[WhiteElo "2197"]
[BlackElo "2410"]
[PlyCount "133"]
[EventDate "2004.08.09"]

1. d4 d5 2. c4 Nc6 3. cxd5 Qxd5 4. e3 e5 5. Nc3 Bb4 6. Bd2 Bxc3 7. bxc3 Nf6 8.
Qb3 Qd6 9. Bc1 Be6 10. Ba3 Qd7 11. Qxb7 Rb8 12. Qa6 exd4 13. cxd4 Nb4 14. Bxb4
Rxb4 15. Qa5 Rb6 16. Nf3 O-O 17. Bd3 Nd5 18. O-O Nb4 19. Be2 Nc6 20. Qc5 Rfb8
21. a4 Ne7 22. Rfc1 Nd5 23. Ne5 Qd6 24. h3 Qxc5 25. Rxc5 Rb1+ 26. Rxb1 Rxb1+
27. Kh2 Ra1 28. a5 Kf8 29. Nc6 Ke8 30. Bc4 Nf6 31. Bxe6 fxe6 32. Nxa7 Kd7 33.
Nc6 Ra2 34. Ne5+ Kd8 35. f3 Nd5 36. Nc4 Kd7 37. Kg3 Ra4 38. e4 Ne7 39. Ne5+ Kd6
40. Nc4+ Kd7 41. Kf4 Ng6+ 42. Ke3 Nh4 43. Ne5+ Kc8 44. g3 Ng2+ 45. Kd3 Ne1+ 46.
Kd2 Ng2 47. Nc4 Ra2+ 48. Kc3 Ne1 49. Ne5 Nxf3 50. Nxf3 Ra3+ 51. Kb4 Rxf3 52. a6
Rf1 53. Ra5 Rb1+ 54. Kc4 Rc1+ 55. Kd3 Kb8 56. Ke3 Rf1 57. Rb5+ Ka8 58. Rc5 Rf7
59. Rc6 Re7 60. Kf4 e5+ 61. dxe5 Rf7+ 62. Ke3 Re7 63. e6 Kb8 64. Kd4 Re8 65.
Ke5 Re7 66. g4 Ka7 67. Rxc7+ 1-0

[Event "VIII Open A"]
[Site "Genova ITA"]
[Date "2004.08.15"]
[Round "7"]
[White "Lanzani, Mario"]
[Black "Guido, Flavio"]
[Result "0-1"]
[WhiteElo "2365"]
[BlackElo "2338"]
[PlyCount "60"]
[EventDate "2004.08.09"]

1. c4 Nf6 2. Nf3 c5 3. g3 b6 4. Bg2 Bb7 5. O-O e6 6. Nc3 Be7 7. Re1 d5 8. cxd5
Nxd5 9. a3 O-O 10. Qc2 Nc6 11. e4 Nxc3 12. dxc3 Qc7 13. e5 Rad8 14. Bf4 Rd7 15.
Rad1 Rfd8 16. Rxd7 Rxd7 17. Rd1 Qd8 18. Rxd7 Qxd7 19. h4 h6 20. h5 Na5 21. c4
Nxc4 22. Qxc4 Qd1+ 23. Qf1 Bxf3 24. Qxd1 Bxd1 25. f3 c4 26. Kf2 c3 27. bxc3
Bxa3 28. Be3 Bb2 29. Ke1 Bb3 30. Kd2 a5 0-1

[Event "VIII Open A"]
[Site "Genova ITA"]
[Date "2004.08.15"]
[Round "7"]
[White "Lazic, Miroljub"]
[Black "Dervishi, Erald"]
[Result "1-0"]
[WhiteElo "2471"]
[BlackElo "2486"]
[PlyCount "77"]
[EventDate "2004.08.09"]

1. Nf3 Nf6 2. b3 e6 3. Bb2 b6 4. e3 Bb7 5. Be2 d5 6. O-O Nbd7 7. c4 Bd6 8. d3
O-O 9. Nbd2 c5 10. Re1 Qc7 11. Rc1 Rad8 12. b4 dxc4 13. bxc5 bxc5 14. Rxc4 Qb8
15. Qa1 Be7 16. Rc2 Rc8 17. Rec1 Rfd8 18. e4 Ba6 19. Bf1 Nb6 20. Be5 Qa8 21.
Ne1 Ne8 22. a4 Bf8 23. a5 Nd7 24. Bb2 Nd6 25. Nef3 Nb7 26. e5 Nb8 27. Qa4 Nc6
28. Qg4 Nb4 29. Ne4 Nd5 30. Nfg5 h6 31. Nxe6 fxe6 32. Qxe6+ Kh8 33. Qxa6 Nb4
34. Qg6 Nxc2 35. d4 Nxd4 36. Bc4 Rc6 37. Nf6 Rxf6 38. exf6 Nxa5 39. Bd3 1-0

[Event "VIII Open A"]
[Site "Genova ITA"]
[Date "2004.08.15"]
[Round "7"]
[White "Maiorov, Nikita"]
[Black "Sanchez, Joseph"]
[Result "1-0"]
[WhiteElo "2414"]
[BlackElo "2453"]
[PlyCount "109"]
[EventDate "2004.08.09"]

1. d4 d5 2. c4 c6 3. Nc3 Nf6 4. e3 e6 5. Nf3 Nbd7 6. Qc2 Bd6 7. Bd3 O-O 8. O-O
e5 9. cxd5 cxd5 10. e4 exd4 11. Nxd5 Nxd5 12. exd5 h6 13. Nxd4 Bxh2+ 14. Kxh2
Qh4+ 15. Kg1 Qxd4 16. Rd1 Qh4 17. Qc4 Qh5 18. Be2 Qg6 19. Qd3 Qxd3 20. Bxd3 Nc5
21. Bf1 Rd8 22. Bf4 Bd7 23. Rac1 Rdc8 24. Re1 Na4 25. Bc7 Nb6 26. Red1 Re8 27.
Bxb6 axb6 28. Rc7 Red8 29. Rxb7 Rxa2 30. Rxb6 Bf5 31. f3 Ra5 32. d6 Rc5 33. Rb5
Rxb5 34. Bxb5 Bd7 35. Bc4 Kf8 36. Kf2 Rb8 37. b3 Rb6 38. Ke3 Ke8 39. Ke4 Be6
40. Bxe6 fxe6 41. d7+ Kd8 42. Ke5 Rxb3 43. Kxe6 Rb2 44. g4 Rb3 45. f4 Rb4 46.
Rf1 Re4+ 47. Kf7 Re7+ 48. Kf8 Rxd7 49. f5 Kc7 50. Re1 Rd4 51. Re7+ Kd6 52. Rxg7
Ra4 53. Rg6+ Ke5 54. f6 h5 55. gxh5 1-0

[Event "VIII Open A"]
[Site "Genova ITA"]
[Date "2004.08.15"]
[Round "7"]
[White "Ranola, Yves"]
[Black "Genocchio, Daniele"]
[Result "1-0"]
[WhiteElo "2410"]
[BlackElo "2353"]
[PlyCount "59"]
[EventDate "2004.08.09"]

1. c4 e5 2. g3 Nc6 3. Bg2 Bc5 4. Nc3 Nf6 5. a3 a6 6. e3 d6 7. Nge2 Ba7 8. b4
O-O 9. Bb2 Re8 10. d3 Ne7 11. O-O Ng6 12. Rc1 c6 13. Qc2 Ng4 14. Qd2 h5 15. h3
Nh6 16. e4 h4 17. Kh1 Kh7 18. d4 exd4 19. Nxd4 hxg3 20. fxg3 Re5 21. Nce2 Rh5
22. Nf4 Nxf4 23. Qxf4 Bb8 24. Nf5 d5 25. Qf3 Rxf5 26. exf5 Nxf5 27. Qh5+ Nh6
28. Rxf7 d4 29. Rcf1 Be6 30. Be4+ 1-0

[Event "VIII Open A"]
[Site "Genova ITA"]
[Date "2004.08.15"]
[Round "7"]
[White "Salvador, Roland"]
[Black "Mateo, Ramon"]
[Result "1-0"]
[WhiteElo "2178"]
[BlackElo "2425"]
[PlyCount "79"]
[EventDate "2004.08.09"]

1. d4 Nf6 2. Nf3 e6 3. g3 c5 4. Bg2 a6 5. c4 cxd4 6. Nxd4 Qc7 7. b3 Be7 8. O-O
O-O 9. Bb2 d6 10. Nc3 Bd7 11. Rc1 Rc8 12. Qd2 Be8 13. h3 Nbd7 14. f4 Nf8 15.
Kh2 Rab8 16. g4 h6 17. Qe3 Qc5 18. Qd3 Qa5 19. a4 N8d7 20. Qg3 Qc5 21. e3 Qa5
22. Bf3 Nc5 23. Ba1 g6 24. Qh4 e5 25. Nf5 gxf5 26. Qxh6 Bf8 27. Qxf6 Bg7 28.
Qg5 Nxb3 29. gxf5 f6 30. Qg3 Nxc1 31. Rg1 Rc7 32. Nd5 Kf8 33. Bc3 Qxd5 34. cxd5
Nd3 35. Be2 Nc5 36. fxe5 Ne4 37. Qh4 Rxc3 38. Qxe4 fxe5 39. f6 Bxf6 40. Qf5 1-0

[Event "VIII Open A"]
[Site "Genova ITA"]
[Date "2004.08.16"]
[Round "8"]
[White "Brancaleoni, Maurizio"]
[Black "Bancod, Ronald"]
[Result "0-1"]
[WhiteElo "2298"]
[BlackElo "2354"]
[PlyCount "100"]
[EventDate "2004.08.09"]

1. Nf3 d5 2. d4 Nc6 3. Bf4 Bg4 4. Nbd2 e6 5. e3 Bd6 6. Be2 Nge7 7. O-O O-O 8.
Bxd6 cxd6 9. c4 Rc8 10. Rc1 dxc4 11. Nxc4 Bxf3 12. Bxf3 d5 13. Nd2 Qb6 14. Nb3
Rc7 15. Be2 Rfc8 16. Rc5 Nb8 17. Qd2 Nd7 18. Rxc7 Rxc7 19. Rc1 Rc6 20. Rc3 Nf5
21. Qc2 Nd6 22. Rxc6 bxc6 23. Nc5 Nf8 24. Qc3 g5 25. a4 Kg7 26. a5 Qd8 27. b4
Ng6 28. Na6 Ne4 29. Qxc6 g4 30. Nc5 Nxf2 31. Kxf2 Qh4+ 32. Kf1 Qxh2 33. Bxg4
Qh1+ 34. Kf2 Qh4+ 35. Ke2 Qxg4+ 36. Kd3 Qxg2 37. b5 Qf1+ 38. Kc2 Qe2+ 39. Kb3
Qxe3+ 40. Kc2 Qe2+ 41. Kb3 Qd1+ 42. Kb4 Qxd4+ 43. Kb3 Qc4+ 44. Ka3 Ne5 45. Qd6
Qc3+ 46. Ka4 Qxa5+ 47. Kxa5 Nc4+ 48. Kb4 Nxd6 49. Nd7 h5 50. Ne5 h4 0-1

[Event "VIII Open A"]
[Site "Genova ITA"]
[Date "2004.08.16"]
[Round "8"]
[White "Dervishi, Erald"]
[Black "Guido, Flavio"]
[Result "1/2-1/2"]
[WhiteElo "2486"]
[BlackElo "2338"]
[PlyCount "113"]
[EventDate "2004.08.09"]

1. e4 c5 2. Nf3 e6 3. d4 cxd4 4. Nxd4 Nf6 5. Nc3 d6 6. Be2 a6 7. a4 Qc7 8. O-O
Be7 9. Kh1 b6 10. f4 Bb7 11. Bf3 O-O 12. Be3 Nc6 13. Qe2 Nxd4 14. Bxd4 e5 15.
Be3 exf4 16. Bxf4 Rfe8 17. Rad1 Bf8 18. Qd3 Re6 19. Nd5 Bxd5 20. exd5 Ree8 21.
Be3 Nd7 22. Bd4 Nc5 23. Qf5 Qd7 24. Qf4 a5 25. b3 Re7 26. Qd2 Qc7 27. Rf2 Nd7
28. Rdf1 g6 29. Bg4 Rae8 30. Bxd7 Rxd7 31. Re2 Rde7 32. Rfe1 Rxe2 33. Rxe2 Rxe2
34. Qxe2 h5 35. c4 Bg7 36. Qe8+ Kh7 37. Bg1 Bf6 38. h3 Kg7 39. Qb5 Bd8 40. Bd4+
Kf8 41. b4 Qe7 42. bxa5 Qe1+ 43. Bg1 bxa5 44. Qb8 Ke7 45. Qb7+ Kf8 46. Qc8 Ke7
47. c5 dxc5 48. Qxc5+ Ke8 49. Qb5+ Ke7 50. Qb7+ Ke8 51. Qc6+ Ke7 52. d6+ Kf8
53. Qc5 h4 54. d7+ Kg7 55. Qd4+ f6 56. Qd6 Kf7 57. Qd5+ 1/2-1/2

[Event "VIII Open A"]
[Site "Genova ITA"]
[Date "2004.08.16"]
[Round "8"]
[White "Di Paolo, Raffaele"]
[Black "Lanzani, Mario"]
[Result "1-0"]
[WhiteElo "2321"]
[BlackElo "2365"]
[PlyCount "137"]
[EventDate "2004.08.09"]

1. e4 e5 2. Nf3 Nc6 3. Bc4 Nf6 4. d3 Bc5 5. c3 d6 6. O-O O-O 7. Nbd2 a6 8. Bb3
Ba7 9. Re1 Ne7 10. Nf1 Ng6 11. Ng3 h6 12. h3 Nf4 13. d4 Ng6 14. Be3 Qe8 15. Qd2
Kh7 16. Qc2 b5 17. a4 c6 18. Nf5 Bb8 19. dxe5 Nxe5 20. Nxe5 dxe5 21. Bc5 Rh8
22. Rad1 Be6 23. Nd6 Qe7 24. Ba3 Nh5 25. Nf5 Qe8 26. Rd2 Nf4 27. Bc5 Bxb3 28.
Qxb3 Ne6 29. Be3 Bc7 30. Red1 Rd8 31. Rxd8 Bxd8 32. axb5 axb5 33. c4 Bg5 34.
cxb5 Bxe3 35. Qxe3 cxb5 36. Qa7 Rf8 37. Rd7 Ng5 38. Re7 Qc8 39. Qe3 Qc2 40. h4
Ne6 41. b3 Qc6 42. Kh2 h5 43. Qg3 Qxe4 44. Rxe6 Qxf5 45. Rxe5 Qg6 46. Rg5 Qh6
47. Rxb5 g6 48. Rb8 Rxb8 49. Qxb8 Qd2 50. Qb6 Qf4+ 51. g3 Qf3 52. b4 f6 53.
Qc7+ Kg8 54. Qc5 g5 55. hxg5 h4 56. Qc4+ Kf8 57. Qf4 hxg3+ 58. fxg3 Qh5+ 59.
Kg2 Ke8 60. g4 Qh4 61. gxf6 Qe1 62. g5 Qe2+ 63. Kg3 Qe1+ 64. Kg4 Qd1+ 65. Kf5
Qd7+ 66. Ke4 Qc6+ 67. Kd4 Qd7+ 68. Ke3 Qh3+ 69. Qf3 1-0

[Event "VIII Open A"]
[Site "Genova ITA"]
[Date "2004.08.16"]
[Round "8"]
[White "Kluss, Kai"]
[Black "Djuric, Stefan"]
[Result "0-1"]
[WhiteElo "2197"]
[BlackElo "2511"]
[PlyCount "98"]
[EventDate "2004.08.09"]

1. d4 Nf6 2. c4 g6 3. Nc3 Bg7 4. e4 O-O 5. f4 d6 6. Nf3 Na6 7. Be2 e5 8. fxe5
dxe5 9. d5 Nc5 10. Qc2 a5 11. Bg5 h6 12. Bh4 Qd6 13. Bf2 b6 14. h3 Nh5 15. Nd2
Nf4 16. Bf1 f5 17. g3 Nh5 18. O-O-O a4 19. a3 Qe7 20. Be2 Nf6 21. Rdf1 Bd7 22.
Be3 Ne8 23. Bd3 Nd6 24. Bxc5 bxc5 25. Kb1 c6 26. dxc6 Bxc6 27. Nd5 Qd8 28. g4
f4 29. Ka1 Rb8 30. Nb1 Bxd5 31. cxd5 c4 32. Be2 Qb6 33. Nc3 Rf7 34. Bf3 Rfb7
35. Rb1 Qe3 36. Rhf1 Rb3 37. Ka2 Bf8 38. Qc1 Qc5 39. Bd1 Nb5 40. Nxb5 R8xb5 41.
Rf3 Rxf3 42. Bxf3 Rb3 43. Bd1 Rxh3 44. Bxa4 Bd6 45. Bc2 Kg7 46. Ra1 Rh2 47. Kb1
Qe3 48. Ka2 Qe2 49. Bb1 Bc5 0-1

[Event "VIII Open A"]
[Site "Genova ITA"]
[Date "2004.08.16"]
[Round "8"]
[White "Maiorov, Nikita"]
[Black "Lazic, Miroljub"]
[Result "1/2-1/2"]
[WhiteElo "2414"]
[BlackElo "2471"]
[PlyCount "71"]
[EventDate "2004.08.09"]

1. d4 d5 2. c4 c6 3. Nc3 Nf6 4. e3 e6 5. Nf3 Nbd7 6. Qc2 Bd6 7. Bd3 O-O 8. O-O
dxc4 9. Bxc4 b5 10. Be2 Bb7 11. Rd1 Qc7 12. e4 e5 13. g3 Rfe8 14. dxe5 Nxe5 15.
Bg5 Nxf3+ 16. Bxf3 Qe7 17. Ne2 c5 18. Nc3 a6 19. Rxd6 Qxd6 20. e5 Qxe5 21. Bxf6
Qc7 22. Bxb7 Qxb7 23. Bg5 c4 24. Be3 Rad8 25. Rd1 h6 26. Ne2 Qe4 27. Qc1 Rxd1+
28. Qxd1 Qd3 29. Qxd3 cxd3 30. Nc3 b4 31. Nd1 Rc8 32. Kf1 Rc2 33. Ke1 Re2+ 34.
Kf1 Rc2 35. Ke1 Re2+ 36. Kf1 1/2-1/2

[Event "VIII Open A"]
[Site "Genova ITA"]
[Date "2004.08.16"]
[Round "8"]
[White "Mateo, Ramon"]
[Black "Griffa, Roberto"]
[Result "1-0"]
[WhiteElo "2425"]
[BlackElo "2107"]
[PlyCount "45"]
[EventDate "2004.08.09"]

1. e4 d5 2. Nc3 dxe4 3. Nxe4 Bf5 4. Qf3 Qd5 5. Bd3 Nc6 6. Nd6+ Qxd6 7. Bxf5 Nf6
8. c3 g6 9. Bc2 O-O-O 10. Ne2 Bg7 11. O-O Kb8 12. d4 e5 13. Rd1 exd4 14. Nxd4
Ne5 15. Qe2 Neg4 16. Nf3 Qc5 17. Rxd8+ Rxd8 18. h3 Re8 19. Qf1 Ne5 20. Nxe5
Qxe5 21. Be3 Bf8 22. Re1 Qa5 23. Bd4 1-0

[Event "VIII Open A"]
[Site "Genova ITA"]
[Date "2004.08.16"]
[Round "8"]
[White "Mola, Pietro"]
[Black "Godena, Michele"]
[Result "0-1"]
[WhiteElo "2306"]
[BlackElo "2545"]
[PlyCount "120"]
[EventDate "2004.08.09"]

1. d4 d5 2. Nc3 Nf6 3. Bg5 Nbd7 4. e3 e6 5. Nf3 c5 6. Bb5 a6 7. Bxf6 Qxf6 8.
Be2 b5 9. O-O Bb7 10. a4 b4 11. Nb1 Bd6 12. c4 cxd4 13. exd4 dxc4 14. Nbd2 c3
15. bxc3 bxc3 16. Nc4 Bc7 17. Rc1 O-O 18. Rxc3 Rac8 19. Qb3 Bd5 20. Qa3 Qh6 21.
g3 Nf6 22. Nce5 Bd6 23. Qc1 Rxc3 24. Qxc3 Ne4 25. Qc1 Qh3 26. Bc4 Ba8 27. Re1
Bxe5 28. Bf1 Qf5 29. Qe3 Bf6 30. Bd3 Qa5 31. Bxe4 Bxe4 32. Qxe4 Qxa4 33. h4 h6
34. g4 Qb5 35. Qf4 Rd8 36. g5 hxg5 37. hxg5 Be7 38. g6 Qe8 39. Kg2 Bf6 40. Ne5
fxg6 41. Re3 a5 42. Rg3 Bxe5 43. Qxe5 Rd5 44. Qe4 Rf5 45. d5 Qf7 46. dxe6 Rxf2+
47. Kg1 Rf1+ 48. Kh2 Qf2+ 49. Rg2 Qf5 50. Qg4 Qe5+ 51. Rg3 Rf2+ 52. Kh3 Rf6 53.
Ra3 Rxe6 54. Qc4 Kh7 55. Qh4+ Qh5 56. Qxh5+ gxh5 57. Rxa5 Kh6 58. Rb5 Re3+ 59.
Kh4 g5+ 60. Rxg5 Re4+ 0-1

[Event "VIII Open A"]
[Site "Genova ITA"]
[Date "2004.08.16"]
[Round "8"]
[White "Nolte, Rolando"]
[Black "Rodriguez Alvarez, Alan"]
[Result "1-0"]
[WhiteElo "2389"]
[BlackElo "2071"]
[PlyCount "55"]
[EventDate "2004.08.09"]

1. e4 c5 2. Nf3 Nc6 3. d4 cxd4 4. Nxd4 Nf6 5. Nc3 e5 6. Ndb5 d6 7. Bg5 a6 8.
Na3 b5 9. Nd5 Be7 10. Nxe7 Qxe7 11. c3 Be6 12. Nc2 O-O 13. Ne3 Rfc8 14. Be2 Qa7
15. Bxf6 gxf6 16. O-O Qe7 17. Bg4 Kh8 18. Nd5 Qa7 19. Bf5 Bxf5 20. exf5 Rg8 21.
Nxf6 Rg5 22. Qd2 Rg7 23. Nh5 Rg4 24. h3 Rf4 25. Nxf4 exf4 26. Qxd6 Ne7 27. Qe5+
Kg8 28. Rae1 1-0

[Event "VIII Open A"]
[Site "Genova ITA"]
[Date "2004.08.16"]
[Round "8"]
[White "Paragua, Mark"]
[Black "Gromovs, Sergejs"]
[Result "1-0"]
[WhiteElo "2529"]
[BlackElo "2341"]
[PlyCount "65"]
[EventDate "2004.08.09"]

1. e4 e5 2. Nf3 Nc6 3. d4 exd4 4. Nxd4 Bc5 5. Nxc6 Qf6 6. Qd2 dxc6 7. Nc3 Be6
8. Na4 Rd8 9. Bd3 Bd4 10. O-O b5 11. c3 bxa4 12. cxd4 Qxd4 13. Qg5 Qxd3 14.
Qxg7 Qd4 15. e5 Qg4 16. Qxh8 Rd1 17. Bf4 Rxa1 18. Rxa1 Qg6 19. Bg3 Kd7 20. h3
Ne7 21. Rd1+ Bd5 22. e6+ Qxe6 23. Qb8 f5 24. Qxc7+ Ke8 25. f3 Qd7 26. Qb8+ Nc8
27. Qe5+ Kf7 28. Qh8 Kg6 29. Be5 Qe7 30. Re1 Nb6 31. Bc3 Qf7 32. Qd8 f4 33.
Qd6+ 1-0

[Event "VIII Open A"]
[Site "Genova ITA"]
[Date "2004.08.16"]
[Round "8"]
[White "Salvador, Roland"]
[Black "Ranola, Yves"]
[Result "0-1"]
[WhiteElo "2178"]
[BlackElo "2410"]
[PlyCount "66"]
[EventDate "2004.08.09"]

1. e4 c5 2. Nf3 Nc6 3. d4 cxd4 4. Nxd4 Nf6 5. Nc3 e5 6. Ndb5 d6 7. Bg5 a6 8.
Bxf6 gxf6 9. Na3 b5 10. Nd5 f5 11. c3 Bg7 12. exf5 Bxf5 13. Nc2 O-O 14. Nce3
Be6 15. g3 Rb8 16. Bg2 Ne7 17. Nxe7+ Qxe7 18. O-O Kh8 19. Re1 f5 20. f4 e4 21.
Qd2 d5 22. Nc2 b4 23. Nd4 Bd7 24. Kh1 Rfc8 25. Rac1 bxc3 26. bxc3 Qa3 27. Rc2
Ba4 28. Nb3 Bxb3 29. axb3 Qxb3 30. Rec1 Qc4 31. h3 Rb3 32. Bf1 Qc6 33. Kh2 Bxc3
0-1

[Event "VIII Open A"]
[Site "Genova ITA"]
[Date "2004.08.16"]
[Round "8"]
[White "Sanchez, Joseph"]
[Black "Marzano, Carlo"]
[Result "1-0"]
[WhiteElo "2453"]
[BlackElo "2244"]
[PlyCount "41"]
[EventDate "2004.08.09"]

1. e4 d6 2. d4 Nf6 3. Nc3 e5 4. Nf3 Nc6 5. Bb5 Bd7 6. O-O Be7 7. Bxc6 Bxc6 8.
Re1 exd4 9. Nxd4 Bd7 10. Qf3 O-O 11. h3 g6 12. Bh6 Re8 13. Rad1 Qc8 14. e5 dxe5
15. Rxe5 Bd6 16. Ree1 Rxe1+ 17. Rxe1 Nh5 18. g4 Ng7 19. Nd5 Qd8 20. Qf6 Bf8 21.
Ne7+ 1-0

[Event "VIII Open A"]
[Site "Genova ITA"]
[Date "2004.08.17"]
[Round "9"]
[White "Bancod, Ronald"]
[Black "Salvador, Roland"]
[Result "1-0"]
[WhiteElo "2354"]
[BlackElo "2178"]
[PlyCount "115"]
[EventDate "2004.08.09"]

1. d4 d5 2. Nf3 a6 3. Bf4 Bf5 4. e3 e6 5. c4 Bd6 6. Bxd6 Qxd6 7. Qb3 Nc6 8. c5
Qd7 9. Nbd2 Nf6 10. Ne5 Nxe5 11. dxe5 Ng4 12. f4 d4 13. e4 Bg6 14. Bd3 Ne3 15.
Kf2 f6 16. exf6 O-O 17. Nf3 Ng4+ 18. Kg1 Rxf6 19. h3 Ne3 20. f5 Bf7 21. Qxb7
Qd8 22. Qb4 Rb8 23. Qxd4 Qxd4 24. Nxd4 Rxb2 25. Rh2 Rd2 26. Rb1 h6 27. Rb8+ Kh7
28. e5 Rxd3 29. exf6 Rxd4 30. Rf8 Rf4 31. Rh1 Bh5 32. g4 e5 33. Kh2 Bxg4 34.
Re1 Rf2+ 35. Kg1 Rg2+ 36. Kh1 Bf3 37. Rxe3 Bc6 38. h4 gxf6 39. Rxf6 Rg6+ 40.
Rxc6 Rxc6 41. Rxe5 Kg7 42. Kg2 a5 43. Kf3 Kf6 44. Ke4 a4 45. a3 Ra6 46. Kd5 c6+
47. Kd6 h5 48. Re4 Kxf5 49. Rb4 Ra5 50. Kxc6 Ra8 51. Kd6 Rd8+ 52. Ke7 Rc8 53.
Rc4 Ke5 54. c6 Kd5 55. Kd7 Rg8 56. Rc1 Rg7+ 57. Kc8 Rg8+ 58. Kb7 1-0

[Event "VIII Open A"]
[Site "Genova ITA"]
[Date "2004.08.17"]
[Round "9"]
[White "Dignam, Matthew"]
[Black "Kluss, Kai"]
[Result "0-1"]
[WhiteElo "2144"]
[BlackElo "2197"]
[PlyCount "64"]
[EventDate "2004.08.09"]

1. e4 c5 2. Nf3 Nc6 3. Nc3 d6 4. d4 cxd4 5. Nxd4 Nf6 6. f3 e5 7. Nb3 Be6 8. Nd5
Be7 9. Be3 O-O 10. Qd2 Nb8 11. c4 Nxd5 12. cxd5 Bd7 13. Be2 Bh4+ 14. g3 Be7 15.
Rc1 f5 16. Na5 fxe4 17. Nxb7 Qe8 18. fxe4 Qg6 19. Bd3 Bh3 20. Rc7 Nd7 21. Na5
Bd8 22. Nc6 Nc5 23. Bxc5 dxc5 24. Nxd8 Raxd8 25. Rxc5 Rf3 26. Qe2 Rdf8 27. Rc2
Qb6 28. Kd1 Qd4 29. Rd2 Re3 30. Bc4 Qxe4 31. d6+ Kh8 32. Qxe3 Qb1+ 0-1

[Event "VIII Open A"]
[Site "Genova ITA"]
[Date "2004.08.17"]
[Round "9"]
[White "Djuric, Stefan"]
[Black "Lazic, Miroljub"]
[Result "1/2-1/2"]
[WhiteElo "2511"]
[BlackElo "2471"]
[PlyCount "79"]
[EventDate "2004.08.09"]

1. Nf3 d5 2. d4 c6 3. c4 Nf6 4. Qc2 dxc4 5. Qxc4 Bf5 6. g3 Nbd7 7. Bg2 e6 8.
O-O Be7 9. Nc3 O-O 10. e3 b5 11. Qe2 b4 12. Nb1 Rc8 13. Nbd2 c5 14. h3 Qc7 15.
a3 a5 16. axb4 axb4 17. e4 Bg6 18. dxc5 Nxc5 19. Nh4 Rfd8 20. Nxg6 hxg6 21. e5
Ne8 22. b3 Qd7 23. h4 Qd3 24. Qxd3 Rxd3 25. Rb1 Rcd8 26. Rb2 Nc7 27. Bf3 Rc3
28. Be2 Nd3 29. Bxd3 Rdxd3 30. Ne4 Rxb3 31. Rc2 Nb5 32. Bg5 Bxg5 33. hxg5 Rd8
34. Rc5 Nc3 35. Nxc3 Rxc3 36. Rb5 Rc4 37. Rb1 Rg4 38. R1xb4 Rxg5 39. g4 f6 40.
exf6 1/2-1/2